000
00335 a2200157 4500
001
56876
020
_a
9788526271821
040
_c
Anchieta - Pituba
100
_a
Guasco, Luiz
240
1
0
_a
A lenda de Narciso
_l
por
245
1
0
_a
A lenda de Narciso
300
_a
40
362
0
_a
2008
650
4
_a
Literatura juvenil
942
_c
BK
999
_c
56876
_d
56876